00000000nam 2200000zi 4500
0019.943536
003CaOODSP
00520241121092427
006m     o  d f      
007cr mn|||||||||
008240924s2024    onc     os   f000 0 fre d
020 |a9780660737911
040 |aCaOODSP|bfre|erda|cCaOODSP
043 |an-cn---
045 |ay2y2
0861 |aPS82-4/24-6F-PDF
24500|aAutorisations de transfèrement vers une UIS : |bdu 1er janvier au 31 mars 2024 (rapport trimestriel - T4) / |cpréparé par Équipe des projets spéciaux et de la gestion des données de la Direction de la recherche du SCC.
264 1|a[Ottawa] : |bService correctionnel Canada = Correctional Service Canada, |c2024.
300 |a1 ressource en ligne (1 page).
336 |atexte|btxt|2rdacontent/fre
337 |ainformatique|bc|2rdamedia/fre
338 |aressource en ligne|bcr|2rdacarrier/fre
4901 |aRecherche en bref ; |vRIB-24-06
500 |aPublié aussi en anglais sous le titre : SIU authorizations: January 1st, 2024 to March 31st, 2024 (quarterly report Q4).
520 |a« Les unités d'intervention structurée (UIS) ont été intégrées au Service correctionnel du Canada (SCC) le 30 novembre 2019. Ces unités ont pour mandat d'offrir des milieux de vie axés sur les interventions aux délinquants qui ne peuvent demeurer au sein de la population carcérale régulière pour des motifs de sécurité. Dans le cadre d'une série trimestrielle mettant en lumière les tendances dans les UIS, la présente analyse examine les données sur les séjours dans les UIS extraites de l'entrepôt de données du SCC pour le quatrième trimestre (T4) de 2023-2024, soit du 1er janvier au 31 mars 2024 » -- Contexte.
650 6|aPrisons|xDiscipline|zCanada|vStatistiques.
650 6|aEmprisonnement cellulaire|zCanada|vStatistiques.
655 7|aStatistiques|2rvmgf
7102 |aService correctionnel Canada, |eorganisme de publication.
77508|tSIU authorizations : |w(CaOODSP)9.943535
830#0|aRecherche en bref (Service correctionnel Canada)|vRIB-24-06.|w(CaOODSP)9.805235
85640|qPDF|s267 Ko|uhttps://publications.gc.ca/collections/collection_2024/scc-csc/PS82-4-24-6-fra.pdf
8564 |qHTML|sS.O.|uhttps://www.canada.ca/fr/service-correctionnel/organisation/bibliotheque/recherche/bref/24-06.html